000 00977nam a2200265 i 4500
001 16413
003 ES-MaACL
005 20240527195130.0
007 t|
008 000918m19691975sp |||| | spa d
020 _a84-235-0296-1
080 _a352(465.11)"10/14"(095)
080 _a946.511"10/14"(095)
245 0 0 _aFueros de Navarra /
_cpor José Mª Lacarra y Angel J. Martín Duque.
260 _aPamplona :
_bInstitución Príncipe de Viana,
_c1969-1975.
300 _a2 v., lám. ;
_c23 cm.
505 8 _aContiene: I. Fueros derivados de Jaca: Estella-San Sebastián - II. Fueros derivados de Jaca: Pamplona
650 1 4 _aFueros-
_zNavarra (Comunidad Autónoma)
_912993
651 4 _aNavarra (Reino)-
_xHistoria-
_vFuentes.
_9165836
700 1 _aLacarra, José María (
_d1907-1987)
_969329
700 1 _aMartín Duque, Angel J.
_977477
710 2 _aInstitución Príncipe de Viana
_94730
852 _aES-MaACL
_jG-2168-69
999 _c16413
_d16413